[Event "Aerosvit 2007"]
[Site "Foros "]
[Date "2007.06.23"]
[Round "6"]
[White "GM Rublevsky, Sergei(RUS)"]
[Black "GM Onischuk, Alexander(USA)"]
[Result "1/2-1/2"]
[WhiteElo "2680"]
[BlackElo "2663"]
[Annotator "Ëåáåäåâ Âàñèëèé"]
[PlyCount "72"]
[EventDate "2007.06.23"]

1. e4 e5 2. Nf3 Nc6 3. d4 {Óïðÿìûé, ÷¸ðò! ;)} exd4 4. Nxd4 Nf6 ({
Âèäèìî, Àëåêñàíäð ïîñ÷èòàë, ÷òî çà âðåìÿ, ïðîøåäøåå ñ ìàò÷à â Ýëèñòå, âàðèàíò
} 4... Bc5 5. Nxc6 Qf6 {âîçðîæä¸í èç ïåïëà. Âåäü êðîìå} 6. Qf3 ({
åñòü è äðóãèå ïðîäîëæåíèÿ, íàïðèìåð} 6. Qd2) 6... bxc6 {
À òîãäà, â Ýëèñòå, íà òàéáðåéêå äåëî áûëî òàê:} 7. Qg3 h5 8. h4 Nh6 9. f3 d5
10. Nc3 Bd4 11. Bd2 Rb8 12. O-O-O Be5 13. f4 Bd4 14. Qd3 Bg4 15. e5 Bxc3 16.
Qxc3 Qe6 17. Re1 O-O 18. Be3 Rfd8 19. Qc5 a5 20. Kb1 a4 21. Bd3 Bf5 22. Rc1
Bxd3 23. cxd3 Nf5 24. Bf2 Rb5 25. Qxc6 Rdb8 26. Qxe6 Rxb2+ 27. Ka1 fxe6 28. Rb1
a3 29. Bc5 Nxh4 30. Rxb2 axb2+ 31. Kb1 Nxg2 32. f5 Nf4 33. fxe6 Nxd3 34. Ba3
Nxe5 35. Kc2 Nc4 36. Bc5 Nd2 37. a4 b1=Q+ 38. Rxb1 Nxb1 39. a5 Rb5 {
(0-1 Rublevsky,S (2680) - Grischuk,A (2717)/Elista RUS 2007).}) 5. Nxc6 bxc6 6.
e5 Qe7 7. Qe2 Nd5 8. c4 Ba6 9. b3 O-O-O 10. g3 g5 {
Ïîñëåäíèå ïàðòèè ñêëàäûâàëèñü òóò äëÿ ÷¸ðíûõ íå ñîâñåì óäà÷íî.} 11. Bb2 Bg7
12. Nd2 Nb4 ({Ãîä íàçàä çäåñü æå, â Ôîðîñå, Ñåðãåé Ðóáëåâñêèé âûèãðàë õîðîøóþ
ïàðòèþ ó Ðóñëàíà Ïîíîìàð¸âà.} 12... Rhe8 13. O-O-O Nb6 14. f4 gxf4 15. gxf4 f6
16. exf6 Bxf6 17. Qxe7 Bxb2+ 18. Kxb2 Rxe7 19. Bh3 Rf8 20. Rhe1 Rxe1 21. Rxe1
Kd8 ({ïîçèöèÿ ïîñëå} 21... Rxf4 22. Re8+ Kb7 23. Ne4 {òîëüêî «êîìïó» è
ãëÿíåòñÿ. Âîò òóò âïîëíå ìîæíî ðàçî÷àðîâàòüñÿ â «øîòëàíäêå» çà ÷¸ðíûõ íà
âñþ æèçíü. Íó-ñ, «ïðîäîëæó» âàðèàíò -} Rh4 $4 24. Nc5# {Óïñ!}) 22. f5 Bc8
23. Nf3 c5 24. Rg1 d5 25. Ng5 h6 26. Nh7 Rf7 27. Rg8+ Ke7 28. f6+ Kd6 29. Rd8+
Ke5 30. Re8+ Kd6 31. Bxc8 Nxc8 32. Nf8 Rxf6 33. Rxc8 dxc4 34. bxc4 Rf2+ 35. Kb3
Rf3+ 36. Kc2 Rf2+ 37. Kd3 Rf3+ 38. Kd2 Rf2+ 39. Ke3 Rxh2 40. Re8 c6 41. Re6+
Kc7 42. Ng6 Rxa2 43. Ne5 h5 44. Rxc6+ Kb7 45. Rxc5 h4 46. Nf3 h3 47. Rh5 Ra3+
48. Ke4 Rc3 49. Nd2 Ra3 50. Kd4 a5 51. Ne4 a4 52. Nc3 Ra1 53. Rxh3 a3 54. Rh2 {
(1-0 Rublevsky,S (2687) - Ponomariov,R (2738)/Foros 2006).}) 13. Nf3 (13. O-O-O
Nxa2+ 14. Kb1 Nb4 15. Qe3 c5 16. Ne4 Bb7 17. Bh3 f5 18. Bxf5 Rhf8 19. Bh3 Bxe5
20. Rhe1 Bd4 {
(1/2 Arizmendi Martinez,J (2516) - Baron Rodriguez,J (2418)/Lanzarote 2003).})
13... Rhe8 14. a3 {Ñòàòèñòèêà òóò äëÿ áåëûõ ïðîñòî óäðó÷àþùàÿ: +1-3=0!
Ñåðãåé ðåøàåò, ÷òî åãî ëþáèìûé äåáþò íàäî ñïàñàòü!} ({Íà} 14. Bh3 {
Äìèòðèé ßêîâåíêî, íàø¸ë õîðîøåå âîçðàæåíèå -} c5 $1 {
, è ÷óòü áûëî íå «îïðîâåðã» ;) âàðèàíò Ñ45 íàïðî÷ü!} (14... h5 {
áûëî êðàñèâî ïàðèðîâàíî â ñëåäóþùåé ïàðòèè, õîòÿ âîïðîñû òóò îñòàþòñÿ:} 15.
a3 g4 16. axb4 gxf3 17. Qxf3 Qxb4+ 18. Kf1 Bb7 19. Rxa7 c5 20. Ra8+ Bxa8 21.
Qxa8+ Qb8 22. Qa1 c6 $2 23. e6 $1 Bxb2 24. exd7+ Rxd7 25. Qxb2 Qe5 26. Qxe5
Rxe5 27. Bxd7+ Kxd7 28. Kg2 Re2 29. Rd1+ Ke6 30. Rd3 $16 {
, è ÷¸ðíûå íå óñòîÿëè:} Ke5 31. Kf3 Rb2 32. h3 f5 33. Ke3 Rb1 34. h4 Rb2 35.
Rc3 Rb1 36. Kd2 Rf1 37. Rf3 Kd4 38. Ke2 Rb1 39. Rd3+ Ke4 40. Rd6 Rxb3 41. Rxc6
Rb2+ 42. Ke1 Kf3 43. Rxc5 Re2+ 44. Kd1 f4 45. Rf5 {
1-0 Baklan,V (2599) - Pedersen,N (2324)/Brussels 2000}) 15. Bg4 (15. O-O h5 16.
Bg2 Bb7 (16... g4 17. Nh4 Bxe5 18. Rae1 Bxb2 19. Qxe7 Rxe7 20. Rxe7 d5 21. cxd5
Bxf1 22. Kxf1 Nxd5 23. Rxf7 Nc3 24. Bc6 Nxa2 25. Ng6 Nb4 26. Ne7+ Kb8 27. Be4
a5 28. f4 Bc3 29. Rf5 Rd1+ 30. Kf2 c6 31. Nxc6+ Nxc6 32. Bxc6 Bd4+ 33. Ke2 Rb1
34. Rxh5 Rb2+ 35. Kd1 {
1/2 Ciborowski,A (2408) - Sanner,Z (2380)/ICCF 2004/MegaCorr4}) 17. Rfe1 f6 (
17... d6 18. Qf1 Qf8 19. Rad1 {
1/2 Nataf,I (2557) - Mikhalevski,V (2553)/Montreal 2005}) 18. Qd2 fxe5 19. Bxe5
g4 20. Bb2 Qf8 21. Rxe8 Rxe8 22. Bxg7 Qxg7 23. Re1 Rxe1+ 24. Nxe1 Qa1 25. Qe2
Bf3 26. Bxf3 gxf3 27. Qe4 c6 28. Kf1 Qxa2 {
1/2 Nataf,I (2557) - Perelshteyn,E (2505)/Montreal 2005}) 15... f6 16. Bh5 ({
ïîòîì, êîíå÷íî, áåëûå âàðèàíò «ïîäëàòàëè»:} 16. O-O fxe5 17. Bh5 Bb7 18. a3
Nc6 19. Bxe8 Rxe8 20. Rae1 e4 21. Bxg7 Qxg7 22. b4 Re6 23. Nd2 cxb4 24. axb4
Nxb4 25. Rb1 c5 26. Ra1 a6 27. Nb3 d6 28. Na5 Ba8 29. Rab1 g4 30. Qe3 Qc7 31.
Qg5 Rg6 32. Qf5+ Kb8 33. Rxb4+ cxb4 34. Rb1 Ka7 35. Rxb4 Rg7 36. Qf6 Re7 37.
Nb3 Re5 38. Nd4 Qd7 39. Nc2 e3 40. Nxe3 Bb7 41. Qf4 Re4 42. Qf6 h5 43. Qc3 Qc7
44. Rb3 Qc5 45. Qd2 Qc6 46. Qd3 Kb8 47. Kf1 Re8 48. Qd4 {
1/2 Benson,G (2438) - Knoll,H (2579)/ICCF 2003/MegaCorr4}) 16... fxe5 $1 17.
Bxe8 Rxe8 18. O-O Bb7 19. Rfe1 e4 20. Rad1 g4 21. Nh4 e3 $1 22. Bxg7 Qe4 $3 {
Ýõ! Ëó÷øå áû ÿ âîò ýòó ïàðòèþ êîììåíòèðîâàë!} 23. fxe3 Qh1+ 24. Kf2 Qxh2+ 25.
Kf1 Qxg3 26. Ng2 Re7 $6 (26... Qh3 $1 $19 27. Qf2 g3 28. Qg1 Nc2 {è ò.ä.}) 27.
Qf2 Qxf2+ 28. Kxf2 g3+ (28... Rxg7 $5) 29. Kg1 (29. Kxg3 $4 Rxg7+ 30. Kh2 Rxg2+
) 29... Rxg7 {È áåëûå óñòîÿëè.} 30. Rf1 Kd8 31. Rd2 Ke8 32. Rf5 d6 33. Nf4 Re7
34. Nd5 Nxd5 35. cxd5 Rxe3 36. Rh5 Re5 37. Rxe5+ dxe5 38. Re2 Kd7 39. Rxe5 Kd6
40. Rg5 Bxd5 41. Rxg3 c4 {
(1/2 Motylev,A (2601) - Jakovenko,D (2521)/Elista 2001).}) 14... g4 (14... Nd5
15. Qe4 Nb6 16. Qxh7 f6 17. Qf5 Kb8 18. O-O-O fxe5 19. Qxg5 Qf8 20. Qg4 d5 21.
cxd5 Bc8 22. Qe4 $2 cxd5 $19 23. Qe2 Bg4 24. Bg2 e4 25. Qa6 exf3 26. Bf1 Qc5+
27. Kb1 Bxb2 28. Kxb2 Qxf2+ 29. Ka1 Re1 30. Bb5 Rxh1 31. Rxh1 Qd4+ {
(0-1 Tonteri,A (2022) - Koskela,N (2260)/Helsinki 2002).}) 15. axb4 $3 $146 {
È ÷òî òóò æåëÿçêîâûå îöåíêè ñóïðîòèâ ïîë¸òà ÷åëîâå÷åñêîé ìûñëè? Òî æå ñàìîå,
÷òî Êàøòàíêà ñóïðîòèâ ÷åëîâåêà, ÷òî ïëîòíèê ñóïðîòèâ ñòîëÿðà...} ({
Ðàíåå áåëûå èãðàëè çäåñü} 15. Nh4 {è íè÷åãî õîðîøåãî ó íèõ íå ïîëó÷àëîñü:}
Bxe5 16. O-O-O Na2+ 17. Kc2 Qf6 18. Bxe5 Rxe5 19. Qd2 Rde8 (19... d5 20. Kb1
Re2 $4 {×àâî??} 21. Bxe2 Nc3+ 22. Kc2 {
1-0 Zorko,J (2314) - Zorko,J (2102)/Celje 2004}) 20. Kb1 (20. Bd3 d5 $1 $15 21.
Rhe1 Qe7 22. Rxe5 Qxe5 23. Ng2 Qf6 24. Ne3 h5 25. Bf5+ Kb8 26. Qd4 Re5 27. Kb1
$2 c5 $1 28. Qb2 d4 29. Kxa2 dxe3 30. Bd3 Qxf2 31. Qxf2 exf2 32. Kb2 Re1 33.
Kc2 Bb7 34. Bf1 Bf3 35. Rc1 Kc8 36. Kd2 Re4 37. b4 Kd7 38. Ra1 f5 39. Rc1 f4
40. gxf4 h4 41. Bd3 Rd4 42. Ke3 Rxd3+ 43. Kxd3 Bg2 44. Ke2 f1=Q+ 45. Rxf1 Bxf1+
46. Kxf1 Ke6 47. Kf2 Kf5 48. Ke3 g3 49. hxg3 hxg3 50. bxc5 g2 51. Kf2 Kxf4 52.
Kxg2 Ke4 53. Kf2 Kd4 54. c6 Kxc4 55. Ke3 Kc5 56. Kd3 Kxc6 57. Kc4 Kb6 58. Kc3
Kb5 59. Kb3 Kc5 60. Kc3 Kd5 61. Kd3 c5 62. Kc3 c4 63. Kc2 Kd4 64. Kd2 c3+ 65.
Kc1 Kc4 66. Kc2 a5 67. Kc1 Kb3 68. Kb1 Kxa3 {
0-1 Zorko,J (2339) - Roskar,R (2278)/Bled 2005}) 20... Re2 21. Qxd7+ Kb7 22.
Bxe2 Rxe2 23. Rd2 Qxf2 24. Kc2 Qe3 25. Rb1 Nc3 26. Rxe2 Nxe2 27. Nf5 $2 (27.
Qd3 $1) 27... Qe4+ 28. Qd3 Qxf5 29. Qxf5 Nd4+ 30. Kc3 Nxf5 31. Rf1 Nd6 32. Rf4
f5 33. Kd4 c5+ 34. Kxc5 Kb8 35. Kd5 Bb7+ 36. Ke5 Be4 37. a4 Nb7 38. b4 a5 39.
bxa5 Nxa5 40. Kd4 Nb3+ 41. Kc3 Nc5 42. a5 Ka7 43. Rf2 Ka6 44. Ra2 Nd3 45. Ra1
c5 46. Ra2 h5 47. Ra1 Ne5 48. Ra2 Nf3 49. Kb3 h4 50. gxh4 Nxh4 51. Kb2 Nf3 52.
Kc3 Bc6 53. Kd3 Ne5+ 54. Kc3 f4 55. Re2 f3 56. Ra2 g3 57. hxg3 Ng4 58. Ra1 f2
59. Kd2 Nh2 60. Ke2 f1=Q+ {
(0-1 Macieja,B (2542) - Kallio,H (2360)/Stockholm 1999).}) 15... gxf3 (15...
Qxb4+ $4 16. Nd2 $19) 16. Qe3 Qxb4+ 17. Bc3 $1 ({«Êðåàòèâíîå»} 17. Kd1 $6 {
èçëèøíå îïòèìèñòè÷íî} Bb7 18. Kc2 (18. c5 d6) 18... c5 19. Rxa7 Qb6 {
è, â êîíöå êîíöîâ, âîò ÷òî òóò íàêîïàëîñü:} 20. Rxb7 $1 Qxb7 21. Bd3 Bxe5 $1 (
{ïîñëå} 21... d5 {ó áåëûõ îáðàçóåòñÿ íåêîòîðàÿ «ïðèÿòíîñòü» â ïîçèöèè:} 22.
cxd5 Bxe5 $1 23. Bxe5 f6 24. Ra1 $1 Rxe5 25. Ba6 Rxe3 26. Bxb7+ Kxb7 27. fxe3
Rxd5 28. Rf1 Rh5 29. h4 Re5 30. Rxf3 {è ò.ä.}) 22. Bxe5 f6 23. Be4 d5 $1 ({
èíà÷å è ïðîèãðàòü ìîæíî:} 23... Qb6 24. Ra1 $1) 24. Bxf3 Rxe5 25. Qxc5 Rd6 $1
{, è áåëûå â ïîòå ëèöà äîëæíû çàðàáàòûâàòü ïîëîâèíêó åäèíè÷êè...}) 17... Rxe5
$1 {Ñèìïàòè÷íûé óäàð! È âåä¸ò îí, âðîäå áû ê ïîëîæåíèþ ñ äâóìÿ (!) ëèøíèìè
ïåøêàìè ó ÷¸ðíûõ, íî...} 18. Bxb4 Rxe3+ 19. fxe3 Bxa1 20. Bh3 $1 $44 Be5 21.
O-O {È ïåøêè ÷¸ðíûõ îêàçûâàþòñÿ ñëàáû. À èõ áåëîïîëüíûé ñëîí...} Bb7 22. Rd1
$1 c5 {Áëàãîðàçóìèå âçÿëî ââåðõ íàä æàäíîñòüþ. ;)} ({
Ëó÷øå îòäàòü ìàòåðèàë, íî ðàçâÿçàòüñÿ, íåæåëè ñòðàäàòü îò óäóøüÿ ïîñëå} 22...
Bf6 23. Bc5 $1) 23. Bxc5 Bc6 ({Îòäàâàòü íà d7 òîæå íå õî÷åòñÿ.} 23... Be4 $5
24. Be7 Rg8 25. Bxd7+ (25. Rxd7 f5 $1) 25... Kb7 26. Kf2 {è âñå ïåøêè ÷¸ðíûõ
- «èçîëÿòîðû», à ó íåêîòîðûõ åù¸ è â ãëàçàõ «ñäâîèòñÿ»...}) 24. Kf2 {
Áåëûå ïðåäïî÷èòàþò (äëÿ íà÷àëà) âûòàùèòü çàíîçó íà f3} h5 ({Îáúÿñíþ åù¸
ðàç (è ïðåæäå âñåãî ñåáå ñàìîìó), ÷òî îòâëåêàòü áåëîïîëüíîãî ñëîíà îò âàæíåé
ìèññèè - çàùèòû ïåøêè d7 íå ñëåäóåò -} 24... Be4 $5 25. Bg4 (25. Be7 $5) 25...
Bc2 26. Rd5 Bc3 27. Bxa7 c6 (27... Bxb3 $4 28. Rb5) 28. Rd6 Be5 29. Rh6 ({
Äëÿ òðåíèðîâêè òåõíèêè ðàñ÷¸òà ïîïðîáóéòå íàéòè ñëåäóþùèé âàðèàíò íå
ïåðåäâèãàÿ ôèãóð -} 29. Rxc6+ $6 Kb7 30. Bb6 $1 Ra8 31. Rc5 $1 Ra2 32. Ra5 $1
Rb2 33. Bd4 Bxd4 34. exd4 Bd1+ 35. Kf1 Be2+ 36. Kf2 $11) 29... Kc7 ({
îïÿòü íåõîðîøî} 29... Bxb3 30. Rxc6+ Kb7 {
è ïîëó÷àåòñÿ «ëàäåéíûé ðàçíîöâåò» ñ ëèøíåé ïåøêîé ó áåëûõ -} 31. Rb6+ Kxa7
32. Rxb3 {è ò.ä.}) 30. Bd4 Bxd4 31. exd4 Bxb3 32. Bxf3 Bxc4 33. Rxh7 {
, è «áîêîâóøå÷íàÿ» ïðîõîäíàÿ áåëûõ ìîæåò îêàçàòüñÿ îïàñíîé.}) 25. Bxa7 {
Ïîðîâíó!} h4 {Ñêîðåíüêî âñ¸ ìåíÿåì, à çàîäíî ëèøàåì áåëûõ ïåðñïåêòèâû ñîçäàòü 
ïðîõîäíóþ ïî ëèíèè «h»} 26. Bd4 hxg3+ 27. hxg3 Rh8 28. Bxd7+ $5 {
Êðàñèâî, íî ìîæåò áûòü, íåòî÷íî.} ({Äóìàåòñÿ, ÷òî ìèêðîøàíñ áåëûõ
çàêëþ÷àëñÿ â èçáàâëåíèè îò «ñëîíîâîñòè». Ïðîèçîéòè ýòî ìîãëî òàê} 28. Rh1
$1 Re8 $1 ({âèäèìî, ëó÷øåå; ñëàáåå} 28... Bxd4 29. exd4 Re8 30. d5) 29. Bf5 $1
(29. Bg4 $143 Bxd4 30. exd4 Re2+ 31. Kf1 Re4 $1 32. Bxf3 Rxd4 33. Bxc6 dxc6 $11
) 29... Bxd4 30. exd4 Re2+ 31. Kf1 {(ãðîçèò d5)} Be4 32. Rh8+ Kb7 33. Bxe4+
Rxe4 34. d5 Re3 35. Rf8 {è áåëàÿ ïåøêà «g» ñòàíîâèòñÿ ïðîõîäíîé.}) 28... Bxd7
29. Bxe5 Rh5 30. Bf6 {Òàê êàê ïðåïÿòñòâîâàòü àêòèâèçàöèè ÷¸ðíîé ëàäüè íå
óäà¸òñÿ, òî, ìîæåò áûòü, ñëåäîâàëî ñ ýòèì ñìèðèòüñÿ è çàíÿòüñÿ «ñâîèìè, áåëûìè,
äåëàìè»?} ({Íàïðèìåð,} 30. Bd4 $5 Bg4 31. e4 c5 32. Bc3 Rh2+ 33. Ke3 Rc2 34.
Bd2 Rb2 35. Kf4 Be6 36. Be3 Rxb3 37. Rc1 Rb4 38. Kxf3 Rxc4 39. Rxc4 Bxc4 40.
Bxc5 {, è âñ¸ ðàâíî áóäåò íè÷üÿ, íî ÷óòü áîëåå ïîçäíÿÿ.}) 30... Bg4 31. Bh4
Ra5 $1 {Å¸ íå ïóñêàþò â äâåðè, òàê îíà ëåçåò â îêíî} 32. Rd8+ Kb7 33. Rd2 Ra1
34. e4 ({Ìîæíî «âèðòóîçíî» ñîõðàíèòü ïåøêó} 34. Bf6 Rh1 35. Rb2 ({
íî òîëüêî íå} 35. e4 $4 Rh2+ 36. Ke3 Rxd2 37. Kxd2 f2 $19) {
, íî íà ðåçóëüòàòå ïàðòèè ýòî, êîíå÷íî æå, ñêàçàòüñÿ íå äîëæíî.} 35... Rh2+
36. Kg1 Rh3 37. Rh2 Rxg3+ 38. Kf2 Rg2+ 39. Rxg2 fxg2 40. Kxg2 $11) 34... Rb1
35. Bf6 Rxb3 36. Rb2 Rxb2+ 1/2-1/2

[Event "Aerosvit 2007"]
[Site "Foros"]
[Date "2007.06.23"]
[Round "6"]
[White "GM Shirov, Alexei(ESP)"]
[Black "GM Nisipeanu, Liviu-Dieter(ROM)"]
[Result "1/2-1/2"]
[WhiteElo "2699"]
[BlackElo "2693"]
[Annotator "Ëåáåäåâ Âàñèëèé"]
[PlyCount "77"]
[EventDate "2007.06.23"]

1. e4 d5 2. exd5 Qxd5 3. Nc3 Qd6 4. d4 Nf6 5. Nf3 c6 ({×àùå âñòðå÷àåòñÿ} 5...
a6) 6. Ne5 Nbd7 {Ãëÿäÿ íà ýòó ïîçèöèþ, ÿ íàêîíåö ;) îñîçíàë ïðîñòóþ ìûñëü
Áåíòà Ëàðñåíà: «Ñêàíäèíàâêà? Ýòî ïðîñòî åù¸ îäèí âàðèàíò Êàðî-Êàííà!»} 7. f4
$146 ({Âñïîìíèì êëàññèêó ;)} 7. Bf4 Nd5 8. Nxd5 Qxd5 9. Be2 Nxe5 10. Bxe5 Qxg2
11. Bf3 Qg6 12. d5 Bg4 $15 {Íî Àíàíä åñòü Àíàíä, è îí òóò âûâåðíóëñÿ.} 13. dxc6
bxc6 14. Qe2 Bxf3 15. Qxf3 Rd8 16. Rd1 Qe6 17. O-O Rxd1 18. Rxd1 h5 19. Qd3 Qc8
20. h4 Rh6 21. Kh2 Rg6 22. Bg3 Rg4 23. a3 a6 24. Re1 c5 25. c3 Rg6 26. Re5 e6
27. Rxh5 Rh6 28. Rxh6 gxh6 29. Qf3 c4 30. Bf4 Qc5 31. Qa8+ Ke7 32. Kg1 Qf5 33.
Bg3 Qb1+ 34. Kh2 Qxb2 35. Qxa6 Kf6 36. Qxc4 Qxa3 37. Qd4+ Ke7 38. c4 Ke8 39.
Qb6 Qc5 40. Qxc5 Bxc5 41. h5 Bd4 42. Kg2 Kd7 43. Bf4 Bg7 44. Be3 Kd6 45. Kf1 e5
46. Ke2 f5 47. f3 Kc6 48. Kd3 Bf8 49. Bc1 Bg7 50. Ba3 Bf6 {
(1/2 Anand,V (2792) - Tiviakov,S (2669)/Wijk aan Zee 2006).}) 7... Nb6 8. g4 {
Îãîíü íà äîñêå!} g6 (8... Be6 $5) ({óäàëîñü äîêîïàòüñÿ äî ñëåäóþùåãî âàðèàíòà
} 8... h5 9. g5 Nfd7 ({ñëàáî} 9... Ng4 10. Nf3 $1 {è h3}) 10. Qd3 Nd5 (10...
Nxe5 11. fxe5 Qc7 (11... Qg6 12. Qxg6 fxg6 $14) 12. g6 $1 $36) {
È òåïåðü äåðæèòåñü êðåï÷å -} 11. Kf2 $3 {Äóìàþ, ÷òî ïîñëå òàêîãî õîäà
«ïîðÿäî÷íûå» øàõìàòèñòû ñäàþòñÿ. ;) Èäåÿ òóò ñëåäóþùàÿ:} Nxe5 12. fxe5 Qe6
13. Nxd5 Qxd5 (13... cxd5 14. Bg2) 14. Bg2 $1 $14) 9. g5 Nfd5 (9... Nfd7 $5)
10. Ne4 Qd8 {
×¸ðíûå ôåðçü âåðíóëñÿ âîñâîÿñè. À áåëûå ïðîäîëæàþò â òîì æå äóõå.} 11. c4 $1
Nc7 (11... Nb4 12. Qe2 $5 ({Çàñëóæèâàåò ;) âíèìàíèÿ è} 12. a3 Qxd4 $1 13. Qe2
Bf5 14. Bg2 Bxe4 ({ïîñëå} 14... Nxc4 {÷¸ðíûå áåç ôèãóðû:} 15. axb4 Nxe5 16.
fxe5 {, õîòÿ ó ÷¸ðíûõ íåêîòîðàÿ êîìïåíñàöèÿ òóò, êîíå÷íî, åñòü}) 15. Bxe4 Na6
{è òåïåðü} 16. Bf3 $1 ({âèäèìî, ñëàáåå} 16. Nxc6 Qxc4 17. Na5 Qxe2+ 18. Kxe2
Nc5 19. Bf3 Bg7 20. Be3 Nca4 21. Bxb7 Rb8 $13) 16... Bg7 17. Be3 Qd8 18. Rd1
Qc8 {È ñàìîå âðåìÿ îáðàòèòü âíèìàíèå íà òî, ÷òî ó áåëûõ íå õâàòàåò ïåøå÷êè.
Íî ïîçèöèÿ èõ õîðîøà - êîìïåíñàöèÿ, îäíàêî! Èãðàåì} 19. Bxb6 $1 axb6 20. Bg4 e6
$1 (20... Qb8 21. O-O $40 Nc5 $140 (21... Bxe5 22. Bd7+ $1 Kf8 23. fxe5 Nc5 24.
e6 $18) 22. b4 Ne6 23. Nxf7 $1) 21. Nd7 {
È òåïåðü íà÷èíàåòñÿ âàêõàíàëèÿ åäèíñòâåííûõ õîäîâ:} Qc7 $1 22. Bxe6 $1 O-O-O
$1 23. Bg4 $1 h5 $1 24. Bh3 Qxf4 25. Nf8+ Kb8 $1 26. Rxd8+ Ka7 27. Kd1 $1 (27.
Rf1 Qxg5 $13 28. Rxf7 Qxd8 29. Nxg6 Bxb2 30. Nxh8 Qh4+ $1 $13) 27... Qxg5 28.
Qe8 Nc7 29. Qd7 Rxf8 $1 30. Rxf8 Bxf8 31. Qxc7 Qe3 $3 32. Bc8 Qd3+ 33. Ke1 (33.
Kc1 Bh6+) 33... Qe3+ 34. Kd1 (34. Kf1 Qf3+ 35. Kg1 Bc5#) 34... Qd3+ 35. Ke1 $11
{Âîò âèäèòå, êàê íàä¸æíûé äåáþò ýòà «ñêàíäèíàâêà»! ;))}) {È â ñëó÷àå} 12...
Qxd4 $6 (12... Bg7 $142 $5 {, ÷òî òðåáóåò àíàëèçèðîâàòü îñîáî}) {äàæå íå
îáëàäàÿ èíòóèöèåé Ïàøè Ýìèëüåâè÷à, ìîæíî ïîíÿòü, ÷òî ÷¸ðíîãî êîðîëÿ ñåé÷àñ
íà÷íóò áèòü è, âîçìîæíî, íîãàìè -} 13. Nf3 Qg7 14. Nf6+ Kd8 15. Qd2+ N4d5 {
Ìîæíî íà÷àòü ñ ëåâîé -} 16. cxd5 $5 ({ìîæíî è ñ ïðàâîé -} 16. Nxd5 $1 {
, ÷òî, âðîäå áû, áûëî áîëåå «óáîéíî» -} cxd5 17. c5 Nd7 18. Qa5+ Ke8 19. Bb5
e6 (19... a6 20. c6 $1) 20. Ne5 f6 21. gxf6 Qxf6 22. Qc7 Qe7 23. f5 $1 gxf5 (
23... Qh4+ 24. Ke2 Qh5+ 25. Kf2 Qh4+ 26. Kg2 $18) 24. Bg5 $1) 16... exf6 17.
dxc6+ Kc7 (17... Ke8 $2 18. Bb5 $18) 18. cxb7 Kxb7 ({â ñëó÷àå} 18... Bxb7 $2 {
áåëûå íà÷èíàþò îáðàùàòü ñàìîå ïðèñòàëüíîå âíèìàíèå íà çàïàêîâàííîãî ÷¸ðíîãî
ôåðçÿ -} 19. Qc3+ $1 Kd8 20. Be3 $3 Bxf3 21. Bd4 $1 $18) 19. Bg2 Kb8 (19...
fxg5 20. Nd4+ Kb8 21. Nc6+ Kb7 22. fxg5 $18) 20. b4 $1 Nc4 21. Qc3 fxg5 22.
Qxc4 Qxa1 23. Ne5 a6 24. Nc6+ Kc7 (24... Kb7 25. Na7+ $1 {ñ ìàòîì:}) 25. Nd4+
Kb8 26. O-O $18) 12. Qe2 Bg7 13. c5 {
Ïîñìîòðèòå íà ïîçèöèþ áåëûõ ôèãóð! Êàðòèíêà äà è òîëüêî!} Ne6 {Òàê...} ({
Íåëüçÿ} 13... Nbd5 14. Nd6+ $1) ({À åñëè} 13... Bxe5 {, òî} 14. cxb6 Bxd4 15.
bxc7 {è ïîëó÷àåòñÿ, ÷òî ÷¸ðíûå îñòàþòñÿ áåç ôèãóðû!}) {
Íî êóòåðüìà íà äîñêå ïðîäîëæàåòñÿ!} 14. cxb6 Nxd4 15. Qf2 Bxe5 16. fxe5 Qd5 17.
Bg2 Qc4 {Ôåðçü è êîíü íàâîäÿò øîðîõó.} 18. b3 {
Ýòó ïåøêó â ïàðòèè ñêóøàþò è íå ïîìîðùàòñÿ.} ({Ìîæåò, ïîòî÷íåå áûëî} 18. Nc3
$5 Bf5 19. Qf4 $1 Nc2+ 20. Kf2 Qxf4+ 21. Bxf4 Nxa1 22. Rxa1 axb6 23. a4 $1 {
, ôèêñèðóÿ ôëàíã} ({èëè} 23. Be3 $1 {êàê â ïàðòèè})) 18... Qd3 19. Qd2 $8 (19.
Qb2 $2 Bh3 $1) 19... Nc2+ 20. Kf2 Qxd2+ 21. Bxd2 Nxa1 22. Rxa1 axb6 {
«Ôîðñàæ» çàêîí÷èëñÿ} 23. Be3 Be6 24. Bxb6 ({Èíòåðåñíî «ïàðàäîêñàëüíîå} 24.
a4 $5 {» (Íîòêèí).} {È åñëè} Bxb3 (24... Ra5 $142 $5 25. b4 $140 Rxe5 26. Bd4
Rf5+ 27. Kg3 O-O 28. Bxb6 Bd5 $132 29. h4 Re5 30. Re1 Bxe4 31. Bd4 (31. Bxe4 f5
$1) 31... Bxg2 32. Rxe5 Bf1 33. Rxe7 Ba6 $11 {, äóìàþ, ÷òî òàê...}) {, òî}
25. Rb1 {è ôåðçåâûé ôëàíã ÷¸ðíûõ áóäåò ñî âðåìåí ïîëíîñòüþ îáúåäåí, êàê êóñò
ìàëèíû â êèíîôèëüìå «Ãîëóáàÿ ÷àøêà» ;)}) 24... Bxb3 25. Nc3 h6 $1 {
Âî-ïåðâûõ, ðàçâèâàÿ ëàäüþ-ëåíòÿéêó, âî-âòîðûõ, ðàçìåíèâàåòñÿ åù¸ ïàðî÷êà
ïåøåê.} 26. Rb1 Bd5 (26... Bxa2 27. Ra1) (26... Be6 27. Be3 hxg5 28. Rxb7 Rxh2
29. Kg1 {È áûëà îáíàðóæåíà ñëåäóþùàÿ ñèìïàòè÷íàÿ «ðûáà»:} Rh4 $5 ({
ëþáîïûòíî è} 29... O-O-O $5 {(Íîòêèí) è ïëîõî} 30. Ra7 $2 (30. Rb2 $142) 30...
Rxg2+ $1 31. Kxg2 Rd3 {
, íî âåäü íàäî åù¸ âñïîìíèòü, ÷òî ÷¸ðíûå íå ïîòåðÿëè ïðàâî íà ðîêèðîâêó!})
30. Bxg5 (30. Bxc6+ Kf8) 30... Rc4 31. Rxe7+ Kf8 32. Ne4 Bd5 33. e6 $1 fxe6 (
33... Bxe4 $143 34. Rxf7+ Kg8 35. Bf6 $1 Re8 36. Rg7+ Kf8 37. e7+ Rxe7 38. Rxe7
Bxg2 39. Kxg2 Rc2+ 40. Kf3 Rxa2 {è äåëàòü íè÷üþ ïðèä¸òñÿ óæå ÷¸ðíûì}) 34.
Rh7 Bxe4 (34... Rxa2 $4 35. Be7+ Ke8 36. Nf6#) 35. Rh8+ Kf7 36. Rxa8 Bxg2 37.
Ra7+ $1 {(âàæíåéøèé ïðîìåæóòîê)} Ke8 (37... Kg8 38. Ra8+ Kf7 39. Ra7+) 38. Re7+
Kf8 39. Kxg2 Rg4+ 40. Kf3 Rxg5 41. Rxe6 $11) 27. Nxd5 Rxa2+ 28. Kg1 cxd5 29.
Bxd5 Rd2 30. Bxb7 hxg5 {
È ÷¸ðíûå ëàäüè ñåé÷àñ ñîåäèíÿòñÿ â âîëíèòåëüíîì ýêñòàçå ;)} 31. Bg2 ({
«Æîíãëÿæ» ôèãóðêàìè íàïîäîáèå} 31. Be3 Rdxh2 32. Bd5 R2h3 33. Bc5 Rd3 34. Be4
Rc3 35. e6 $1 fxe6 36. Rb8+ Kf7 37. Rxh8 Rxc5 {
èçÿùåí, íî íå òîãäà, êîãäà âðåìåíè ó áåëûõ îñòà¸òñÿ ìåíüøå 5 ìèíóò.}) 31... Rh4
32. Ba5 {Øèðîâ â æåñòî÷àéøåì öåéòíîòå íà÷èíàåò íàïàäàòü íà âñ¸ ïîäðÿä...} Rc2
33. Rb8+ Kd7 34. Bd5 $6 (34. Rb7+ $142 Ke6 35. Bd8 f6 (35... Kxe5 $144 36.
Rxe7+ Kd6 37. Rxf7 Rg4 38. Rf2 Rc1+ 39. Rf1 Rc2 $11) 36. Rxe7+ Kf5 37. Rf7 Rc1+
38. Kf2 Rf4+ 39. Bf3 Rc3 40. Rxf6+ Kxe5 41. Rxf4 gxf4 $11) 34... e6 35. Bb3
Rcxh2 $6 {×¸ðíûå íàöåëèëèñü íà âå÷íûé øàõ} (35... Rc5 $142 $1 {
(Íîòêèí), è òåðÿåòñÿ ïåøêà å5...} {È ÷òî äàëüøå? À âîò ÷òî:} 36. Bd2 Rxe5 37.
Rb7+ Kd6 38. Rxf7 Rf5 $1 {È íàäî èãðàòü} 39. Rxf5 (39. Rg7 $4 Rg4+ 40. Kh1 Rf1#
) 39... gxf5 $17 {È áåëûì ïðèøëîñü áû òðóäíîâàòî. Íåëüçÿ, ê ïðèìåðó,} 40. Bxg5
$4 Rg4+) 36. Rb7+ Kc6 37. Rxf7 Rh1+ 38. Kg2 R1h2+ 39. Kg1 1/2-1/2